[Event "OLSW 2324 SG Kaiserslautern - SV Worms 1"]
[Site "?"]
[Date "2024.01.14"]
[Round "5.3"]
[White "Karsay, Pascal"]
[Black "Bruch, Ingo"]
[Result "1-0"]
[WhiteElo "2315"]
[BlackElo "2266"]
[PlyCount "59"]
[EventDate "2024.??.??"]

1. d4 d5 2. c4 e6 3. Nf3 Nf6 4. g3 Be7 5. Bg2 O-O 6. O-O dxc4 7. Qc2 a6 8. a4 Bd7 9. Bg5 Bc6 10. Qxc4 Nbd7 11. Nc3 Rc8 12. Rfd1 h6 13. Bxf6 Nxf6 14. e3 Ne4 15. Ne5 Nd6 16. Nxc6 Nxc4 17. Nxd8 Rcxd8 18. Bxb7 Rd6 19. Bg2 Rb6 20. a5 Rb4 21. Bf1 Nxb2 22. Rdb1 Ra8 23. Ne4 e5 24. dxe5 Rd8 25. Bxa6 Rxe4 26. Rxb2 Rxe5 27. Bb7 Bc5 28. Rb5 Bd4 29. Rxe5 Bxa1 30. Rd5 1-0

[Event "OLSW 2324 SG Kaiserslautern - SV Worms 1"]
[Site "?"]
[Date "2024.01.14"]
[Round "5.4"]
[White "Weller, Manuel"]
[Black "Ollenberger, Roland"]
[Result "1/2-1/2"]
[WhiteElo "2254"]
[BlackElo "2279"]
[PlyCount "96"]
[EventDate "2024.??.??"]

1. c4 Nf6 2. Nc3 e6 3. e4 d5 4. e5 d4 5. exf6 dxc3 6. bxc3 Qxf6 7. d4 c5 8. Nf3 cxd4 9. Bg5 Qf5 10. cxd4 Bb4+ 11. Bd2 Qa5 12. Bd3 Nc6 13. Be4 Bd7 14. Rb1 Rc8 15. Rxb4 Nxb4 16. Qb3 Qxa2 17. Qxb4 Qxc4 18. Qxc4 Rxc4 19. Bxb7 Bb5 20. O-O Rc7 21. Rc1 Rxc1+ 22. Bxc1 f6 23. Ba3 Kd7 24. Nd2 Bc6 25. Ba6 Rb8 26. Bd3 g6 27. f3 Bb5 28. Bb1 Bc6 29. Kf2 Bd5 30. Ke3 g5 31. Bc2 f5 32. h3 h5 33. Kd3 Rg8 34. Nc4 g4 35. Ne5+ Kc7 36. hxg4 fxg4 37. Be7 Bxf3 38. Nxf3 gxf3 39. gxf3 Rg2 40. Bb3 Kd7 41. Bf6 Ke8 42. d5 exd5 43. Bxd5 Rg6 44. Be5 h4 45. f4 h3 46. f5 Rg5 47. Ke4 Rh5 48. f6 Rxe5+ 1/2-1/2

[Event "OLSW 2324 SG Kaiserslautern - SV Worms 1"]
[Site "?"]
[Date "2024.01.14"]
[Round "5.5"]
[White "Feldmann, Johannes"]
[Black "Yakovenko, Oleg"]
[Result "1/2-1/2"]
[WhiteElo "2208"]
[BlackElo "2256"]
[PlyCount "75"]
[EventDate "2024.??.??"]

1. c4 Nf6 2. Nc3 e5 3. g3 d5 4. cxd5 Nxd5 5. Bg2 Nb6 6. d3 Be7 7. Be3 O-O 8. Rc1 Re8 9. Nf3 Nc6 10. O-O Bf8 11. d4 exd4 12. Nxd4 Nxd4 13. Qxd4 Qxd4 14. Bxd4 c6 15. a4 Nc4 16. Ne4 Nd6 17. Nxd6 Bxd6 18. e4 a5 19. Rfd1 Bb4 20. f3 Be6 21. Bc5 f6 22. Bf1 Kf7 23. Bb6 Bb3 24. Bc4+ Bxc4 25. Rxc4 Ra6 26. Bc5 Bxc5+ 27. Rxc5 Rb6 28. Rd2 Re5 29. Rc4 Rb3 30. Kf2 Ke8 31. Rcd4 b5 32. Rd6 bxa4 33. Rxc6 Re7 34. Ra6 Reb7 35. Rxa5 Rxb2 36. Rxb2 Rxb2+ 37. Ke3 Rxh2 38. Rxa4 1/2-1/2

[Event "OLSW 2324 SG Kaiserslautern - SV Worms 1"]
[Site "?"]
[Date "2024.01.14"]
[Round "5.6"]
[White "Albert, Marco"]
[Black "Schluchter, Steffen"]
[Result "0-1"]
[WhiteElo "2146"]
[BlackElo "2087"]
[PlyCount "105"]
[EventDate "2024.??.??"]

1. d4 Nf6 2. c4 e6 3. g3 d5 4. Bg2 Be7 5. Nf3 O-O 6. O-O b6 7. cxd5 exd5 8. Nc3 Bb7 9. Bf4 c6 10. Re1 Nbd7 11. Ne5 Re8 12. Rc1 Nf8 13. Bh3 Bd6 14. Nd3 Ne6 15. Be5 Bf8 16. Bxf6 Qxf6 17. e3 Ng5 18. Bg2 Bc8 19. Nf4 Bd6 20. h4 Bxf4 21. exf4 Ne6 22. Re5 Bd7 23. Qd2 Nf8 24. Rce1 Ng6 25. Rxe8+ Rxe8 26. Rxe8+ Bxe8 27. b4 Ne7 28. Qe3 Kf8 29. Ne2 Qd6 30. a3 f6 31. Bh3 Bd7 32. Bxd7 Qxd7 33. Qd3 g6 34. h5 Qf5 35. Qa6 Qxh5 36. Kg2 Qg4 37. Nc3 Qd7 38. b5 Kg7 39. bxc6 Nxc6 40. Qb5 Qd6 41. Nxd5 Nxd4 42. Qc4 Qc5 43. Qxc5 bxc5 44. Kf1 Kf7 45. Ne3 Ke6 46. g4 f5 47. g5 Nb5 48. a4 Nc3 49. a5 Nd5 50. Ng2 Kd6 51. Ke2 c4 52. Kd2 Kc5 53. Ne1 0-1

[Event "OLSW 2324 SG Kaiserslautern - SV Worms 1"]
[Site "?"]
[Date "2024.01.14"]
[Round "5.7"]
[White "Boos, Patrick"]
[Black "Lauer, Marius"]
[Result "0-1"]
[WhiteElo "2089"]
[BlackElo "2126"]
[PlyCount "96"]
[EventDate "2024.??.??"]

1. e4 a6 2. d4 b5 3. Bd3 Bb7 4. c3 Nf6 5. Qe2 e6 6. Nf3 c5 7. Bg5 Nc6 8. e5 h6 9. Bh4 g5 10. Nxg5 hxg5 11. Bxg5 Be7 12. exf6 Bxf6 13. Bxf6 Qxf6 14. dxc5 Qg5 15. Nd2 Qxg2 16. O-O-O Qg5 17. Bc2 Na5 18. Be4 Rc8 19. Rhg1 Qxc5 20. Bxb7 Nxb7 21. Ne4 Qe7 22. Qg4 Kd8 23. Qg7 Kc7 24. Nf6 d6 25. Rge1 Kb8 26. Rd4 Rxh2 27. Nd5 Qf8 28. Qg3 Qh6+ 29. Ne3 Rh3 30. Qg2 Rh4 31. Rxh4 Qxh4 32. Kb1 Qh7+ 33. Ka1 Qd3 34. Rd1 Qe2 35. Qg3 b4 36. Rb1 bxc3 37. bxc3 Qd3 38. Nd1 Qxg3 39. fxg3 Rg8 40. Nf2 Rxg3 41. Ne4 Rd3 42. c4 f5 43. c5 fxe4 44. c6 Kc7 45. cxb7 Kb8 46. Rb4 d5 47. Kb1 e3 48. Kc2 e2 0-1

[Event "OLSW 2324 SG Kaiserslautern - SV Worms 1"]
[Site "?"]
[Date "2024.01.14"]
[Round "5.8"]
[White "Roelle, Philipp"]
[Black "Dausch, Rene"]
[Result "0-1"]
[WhiteElo "2109"]
[BlackElo "2201"]
[PlyCount "142"]
[EventDate "2024.??.??"]

1. Nf3 c5 2. c4 g6 3. d4 cxd4 4. Nxd4 Nc6 5. e4 Nf6 6. Nc3 d6 7. Be2 Nxd4 8. Qxd4 Bg7 9. Be3 O-O 10. Qd2 a5 11. O-O a4 12. Rab1 Qa5 13. Rfd1 Be6 14. Nd5 Bxd5 15. Qxa5 Rxa5 16. exd5 Nd7 17. Rd2 Rc8 18. g4 h6 19. h4 Kh7 20. h5 gxh5 21. gxh5 Bf6 22. Bd3+ Kh8 23. Bxh6 Ne5 24. Be2 Nxc4 25. Rc2 Rg8+ 26. Kf1 Ne5 27. Rd1 Ng4 28. Bf4 Rc5 29. Rxc5 dxc5 30. Rd2 Bd4 31. Bg3 Nf6 32. Bf3 Rd8 33. b3 axb3 34. axb3 Nxd5 35. Ra2 e6 36. Ra5 f5 37. Bh4 Rd6 38. Ra8+ Kh7 39. Rb8 Rb6 40. Re8 Rxb3 41. Bxd5 exd5 42. Bg5 Rh3 43. Re7+ Kg8 44. Rxb7 Rxh5 45. Be3 Bxe3 46. fxe3 f4 47. exf4 Rf5 48. Ke2 Rxf4 49. Rd7 d4 50. Rc7 Re4+ 51. Kd2 Re5 52. Kd3 Re3+ 53. Kd2 Rc3 54. Rd7 Kf8 55. Rc7 Ke8 56. Rh7 c4 57. Rc7 Kd8 58. Rh7 Rd3+ 59. Kc2 Re3 60. Rh4 Rc3+ 61. Kd2 Rd3+ 62. Kc2 Kd7 63. Rh6 Rc3+ 64. Kd2 Re3 65. Rg6 c3+ 66. Kc2 Re2+ 67. Kd1 d3 68. Rg1 Ra2 69. Rg7+ Ke6 70. Ke1 Ra1+ 71. Kf2 d2 0-1

[Event "OLSW 2324 SV Koblenz II - Turm Illingen"]
[Site "?"]
[Date "2024.02.04"]
[Round "6.1"]
[White "Mayer, Frank"]
[Black "Petersen, Henrik"]
[Result "1/2-1/2"]
[WhiteElo "2278"]
[BlackElo "2157"]
[PlyCount "61"]
[EventDate "2024.??.??"]

1. g3 g6 2. Bg2 Bg7 3. c4 e5 4. Nc3 Ne7 5. d3 O-O 6. e4 d6 7. Nge2 c5 8. h4 h5 9. Bg5 Nbc6 10. Qd2 a6 11. Nd5 f6 12. Be3 b5 13. O-O Bd7 14. Nxe7+ Qxe7 15. Nc3 Rab8 16. Rab1 Qd8 17. Nd5 a5 18. b3 Be6 19. Kh2 Qd7 20. Nc3 b4 21. Nd5 Kh7 22. f3 Rf7 23. Rf2 Rbf8 24. Rbf1 Nd4 25. f4 Bxd5 26. cxd5 exf4 27. Bxf4 Qe7 28. Bh3 f5 29. Bg5 Qe5 30. Bf4 Qe7 31. Bg5 1/2-1/2

[Event "OLSW 2324 SV Koblenz II - Turm Illingen"]
[Site "?"]
[Date "2024.02.04"]
[Round "6.2"]
[White "Bohn, Thomas"]
[Black "Hoppstaedter, Daniel"]
[Result "1/2-1/2"]
[WhiteElo "2305"]
[BlackElo "2100"]
[PlyCount "66"]
[EventDate "2024.??.??"]

1. f4 Nh6 2. Nf3 d5 3. e3 g6 4. Be2 Bg7 5. O-O Nf5 6. Qe1 h5 7. d3 c5 8. e4 dxe4 9. dxe4 Nd4 10. Bd1 Bg4 11. Nbd2 Nbc6 12. c3 Nxf3+ 13. Nxf3 Qb6 14. Qf2 O-O 15. Be3 Qc7 16. Bc2 Bxf3 17. Qxf3 Nd4 18. cxd4 cxd4 19. Bb3 dxe3 20. f5 Kh8 21. Kh1 Qe5 22. Qxe3 Rad8 23. Qxa7 Qxe4 24. Rae1 Qc6 25. Qe3 Rd7 26. Rc1 Qf6 27. Qh3 Rd2 28. Rf3 Qg5 29. Rcf1 Bf6 30. fxg6 fxg6 31. Rg3 Qb5 32. Rgf3 Qg5 33. Rg3 Qb5 1/2-1/2

[Event "OLSW 2324 SV Koblenz II - Turm Illingen"]
[Site "?"]
[Date "2024.02.04"]
[Round "6.3"]
[White "Feidt, Jonas"]
[Black "Polster, Wolfgang"]
[Result "1/2-1/2"]
[WhiteElo "1949"]
[BlackElo "2171"]
[PlyCount "71"]
[EventDate "2024.??.??"]

1. c4 e5 2. g3 Nf6 3. Bg2 c6 4. d4 e4 5. e3 Be7 6. Nc3 d5 7. f3 exf3 8. Nxf3 O-O 9. O-O c5 10. cxd5 Nxd5 11. e4 Nxc3 12. bxc3 cxd4 13. cxd4 Nc6 14. h3 Bd6 15. Bf4 Re8 16. Re1 Bc7 17. d5 Ne5 18. Rc1 f6 19. Nd4 Bd6 20. Qb3 Bd7 21. Kh2 Qb6 22. Qd1 a6 23. Rb1 Qa7 24. a4 Rac8 25. Nf5 Bxf5 26. exf5 Rc3 27. Qd2 Rec8 28. Rec1 Rxc1 29. Rxc1 Rxc1 30. Qxc1 Qb8 31. Qb1 Qc7 32. Qb3 h5 33. Bxe5 fxe5 34. Be4 b6 35. Qd1 Qc4 36. Qc2 1/2-1/2

[Event "OLSW 2324 SV Koblenz II - Turm Illingen"]
[Site "?"]
[Date "2024.02.04"]
[Round "6.4"]
[White "Berresheim, Helmut"]
[Black "Klein, Joachim"]
[Result "1/2-1/2"]
[WhiteElo "2040"]
[BlackElo "2202"]
[PlyCount "78"]
[EventDate "2024.??.??"]

1. d4 d5 2. c4 e6 3. Nc3 a6 4. cxd5 exd5 5. Bf4 Nf6 6. e3 Bd6 7. Bg3 Bf5 8. Bd3 Bxd3 9. Qxd3 O-O 10. Nge2 Re8 11. O-O Qe7 12. Bxd6 Qxd6 13. Ng3 Nbd7 14. Rfe1 g6 15. Rad1 Rad8 16. Qc2 h5 17. a3 c6 18. f3 h4 19. Nf1 c5 20. dxc5 Qxc5 21. Qf2 h3 22. g4 Ne5 23. Rd4 Nc6 24. Rd2 d4 25. exd4 Nxd4 26. Rxe8+ Nxe8 27. Kh1 Nc7 28. Ne4 Qe5 29. Qh4 Nce6 30. Qxh3 Rc8 31. g5 Kf8 32. Nf6 Ke7 33. Qg3 Qf5 34. f4 Rc1 35. Qf2 Qb5 36. Kg2 Qc6+ 37. Kh3 Qc8 38. Kg2 Qc6+ 39. Kh3 Qc8 1/2-1/2

[Event "OLSW 2324 SV Koblenz II - Turm Illingen"]
[Site "?"]
[Date "2024.02.04"]
[Round "6.5"]
[White "Biehler, Thomas"]
[Black "Eschke, Lars"]
[Result "1/2-1/2"]
[WhiteElo "2234"]
[BlackElo "2129"]
[PlyCount "50"]
[EventDate "2024.??.??"]

1. c4 g6 2. g3 Bg7 3. Bg2 c5 4. Nc3 Nc6 5. Nf3 d6 6. d3 e5 7. a3 Nge7 8. Rb1 a5 9. O-O O-O 10. Bd2 Bg4 11. Ne1 Qd7 12. Nc2 Bh3 13. b4 axb4 14. axb4 b6 15. b5 Bxg2 16. Kxg2 Nd4 17. Ne3 Ne6 18. Ned5 Nxd5 19. Nxd5 Qb7 20. f3 Nc7 21. Nxc7 Qxc7 22. Qb3 Ra7 23. Bc3 Rfa8 24. Ra1 Rxa1 25. Rxa1 Rxa1 1/2-1/2

[Event "OLSW 2324 SV Koblenz II - Turm Illingen"]
[Site "?"]
[Date "2024.02.04"]
[Round "6.6"]
[White "Bohn, Ulrich"]
[Black "Giese, Tilman"]
[Result "1-0"]
[WhiteElo "2135"]
[BlackElo "1989"]
[PlyCount "33"]
[EventDate "2024.??.??"]

1. d4 Nf6 2. Bf4 g6 3. Nc3 d5 4. e3 Bg7 5. h4 c5 6. Nb5 Na6 7. c3 c4 8. b3 Qa5 9. bxc4 Bd7 10. Qb3 O-O 11. Rc1 dxc4 12. Bxc4 Rfc8 13. a4 Nb8 14. Bxf7+ Kf8 15. Be6 Bxe6 16. Qxe6 Nbd7 17. Nd6 1-0

[Event "OLSW 2324 SV Koblenz II - Turm Illingen"]
[Site "?"]
[Date "2024.02.04"]
[Round "6.7"]
[White "Hauer, Andreas"]
[Black "Marquardt, Christian"]
[Result "1/2-1/2"]
[WhiteElo "1850"]
[BlackElo "2038"]
[PlyCount "43"]
[EventDate "2024.??.??"]

1. e4 c5 2. Nf3 Nc6 3. Bb5 Nf6 4. Bxc6 dxc6 5. d3 g6 6. O-O Bg7 7. Nc3 O-O 8. Be3 b6 9. h3 Qc7 10. a4 a5 11. Qd2 Nd7 12. Bh6 e5 13. Bxg7 Kxg7 14. Nh2 Nf6 15. Ne2 c4 16. f4 cxd3 17. cxd3 Ba6 18. fxe5 Qxe5 19. Nf3 Qe7 20. Qc3 Qb4 21. Qxb4 axb4 22. Nf4 1/2-1/2

[Event "OLSW 2324 SV Koblenz II - Turm Illingen"]
[Site "?"]
[Date "2024.02.04"]
[Round "6.8"]
[White "Plum, Paul"]
[Black "Windmueller, Simon"]
[Result "0-1"]
[WhiteElo "1918"]
[BlackElo "1999"]
[PlyCount "70"]
[EventDate "2024.??.??"]

1. e4 c5 2. Nc3 d6 3. g3 Nc6 4. Bg2 g6 5. d3 Bg7 6. Be3 Rb8 7. Qd2 b5 8. a3 e6 9. Nge2 Nd4 10. Nc1 h5 11. h4 Ne7 12. Nd1 a5 13. c3 Ndc6 14. Ne2 a4 15. O-O Na5 16. Nc1 Qc7 17. Re1 Nec6 18. Rb1 Bd7 19. f4 O-O 20. Bf2 b4 21. axb4 cxb4 22. Ra1 a3 23. bxa3 bxc3 24. Nxc3 Nd4 25. N1e2 Nxe2+ 26. Rxe2 Qxc3 27. d4 Qxd2 28. Rxd2 Nb3 29. Rda2 Nxa1 30. Rxa1 Rb2 31. e5 d5 32. a4 Rfb8 33. Bf1 Bf8 34. a5 Rb1 35. Ra2 R8b2 0-1

[Event "OLSW 2324 SF Heidesheim - SK Landau"]
[Site "?"]
[Date "2024.02.04"]
[Round "6.1"]
[White "Bold, Andre"]
[Black "Perske, Thore"]
[Result "1/2-1/2"]
[WhiteElo "2203"]
[BlackElo "2451"]
[PlyCount "43"]
[EventDate "2024.??.??"]

1. d4 Nf6 2. Nf3 g6 3. Bg5 Bg7 4. Nbd2 O-O 5. e3 d6 6. Be2 Nbd7 7. O-O h6 8. Bh4 e5 9. Ne4 Qe7 10. c3 g5 11. Nxf6+ Nxf6 12. Bg3 Ne4 13. Nd2 Nxg3 14. hxg3 d5 15. dxe5 Qxe5 16. Qc2 Re8 17. Nf3 Qf6 18. Rad1 c6 19. Nd4 a6 20. g4 Bd7 21. Nf5 Bxf5 22. Qxf5 1/2-1/2

[Event "OLSW 2324 SF Heidesheim - SK Landau"]
[Site "?"]
[Date "2024.02.04"]
[Round "6.2"]
[White "Wilhelm, Till"]
[Black "Bruch, Jochen"]
[Result "1-0"]
[WhiteElo "2403"]
[BlackElo "2196"]
[PlyCount "71"]
[EventDate "2024.??.??"]

1. d4 Nf6 2. c4 c5 3. d5 e6 4. Nc3 exd5 5. cxd5 d6 6. Nf3 g6 7. h3 Bg7 8. Bf4 O-O 9. e3 a6 10. a4 Qe7 11. Be2 Nbd7 12. O-O Rb8 13. Nd2 Ne5 14. Bh2 Ne8 15. Qc2 f5 16. Rae1 Nd7 17. Nc4 Ne5 18. Nd2 Nd7 19. Kh1 Nc7 20. Nc4 Ne5 21. Nb6 Nd7 22. Qb3 Kh8 23. Nxd7 Qxd7 24. Qb6 Rd8 25. e4 Na8 26. Qb3 Nc7 27. a5 b5 28. axb6 Na8 29. Na4 fxe4 30. Nxc5 Qe7 31. Na4 Nxb6 32. Bd3 Qa7 33. Bxe4 Nxa4 34. Qxa4 Rxb2 35. Bxg6 Bd7 36. Qh4 1-0

[Event "OLSW 2324 SF Heidesheim - SK Landau"]
[Site "?"]
[Date "2024.02.04"]
[Round "6.3"]
[White "Silber, Henning"]
[Black "Hinrichs, Paul"]
[Result "1/2-1/2"]
[WhiteElo "2278"]
[BlackElo "2239"]
[PlyCount "92"]
[EventDate "2024.??.??"]

1. e4 e5 2. Nf3 Nc6 3. d4 exd4 4. Nxd4 Nf6 5. Nc3 Nxe4 6. Nxe4 Qe7 7. f3 d5 8. Bb5 Bd7 9. Bxc6 bxc6 10. O-O dxe4 11. Re1 O-O-O 12. Qe2 Qf6 13. Qa6+ Kb8 14. Nb3 exf3 15. Be3 c5 16. Qxf6 gxf6 17. gxf3 Bd6 18. Kf2 Bxh2 19. Rh1 Be5 20. Nxc5 Bc6 21. Rh6 Rdg8 22. Nd3 Bg3+ 23. Ke2 Bd6 24. Rf1 Rg7 25. Rf2 Rg6 26. Rh5 Rgg8 27. Bf4 Bxf4 28. Nxf4 Rg5 29. Rfh2 Rd8 30. Rxg5 fxg5 31. Nd3 Rh8 32. Rh6 Bd7 33. Kf2 Bf5 34. Ne5 Bxc2 35. Nxf7 Re8 36. Nxg5 Kb7 37. Ne4 Bxe4 38. fxe4 Rxe4 39. Rxh7 Ra4 40. Ke3 Rxa2 41. Rh2 a5 42. Kd3 a4 43. Rc2 Kb6 44. Kc3 Kb5 45. Rc1 c5 46. Rb1 Kc6 1/2-1/2

[Event "OLSW 2324 SF Heidesheim - SK Landau"]
[Site "?"]
[Date "2024.02.04"]
[Round "6.4"]
[White "Foerster, Erik"]
[Black "Lang, Torsten"]
[Result "1/2-1/2"]
[WhiteElo "2133"]
[BlackElo "2300"]
[PlyCount "26"]
[EventDate "2024.??.??"]

1. d4 g6 2. g3 Bg7 3. Bg2 Nf6 4. e4 d6 5. Ne2 O-O 6. Nbc3 Nbd7 7. O-O e5 8. Re1 Re8 9. h3 exd4 10. Nxd4 h6 11. Nde2 Nc5 12. Nf4 Bd7 13. Nfd5 Nxd5 1/2-1/2

[Event "OLSW 2324 SF Heidesheim - SK Landau"]
[Site "?"]
[Date "2024.02.04"]
[Round "6.5"]
[White "Lang, Matthias"]
[Black "Perske, Paul"]
[Result "1/2-1/2"]
[WhiteElo "2146"]
[BlackElo "2086"]
[PlyCount "57"]
[EventDate "2024.??.??"]

1. e4 e5 2. Nf3 Nc6 3. d4 exd4 4. Nxd4 Nf6 5. Nc3 Bb4 6. Nxc6 bxc6 7. Bd3 d5 8. exd5 O-O 9. O-O cxd5 10. Bg5 c6 11. Qf3 Bd6 12. Rfe1 Rb8 13. b3 Bb4 14. Bd2 Be6 15. a3 Ba5 16. b4 Bc7 17. Bf4 a5 18. Rab1 axb4 19. axb4 Re8 20. h3 h6 21. Qg3 Bxf4 22. Qxf4 Nh5 23. Qd4 Qf6 24. Qxf6 Nxf6 25. Ne2 Bd7 26. f3 d4 27. Nxd4 Rxe1+ 28. Rxe1 Rxb4 29. Nf5 1/2-1/2

[Event "OLSW 2324 SF Heidesheim - SK Landau"]
[Site "?"]
[Date "2024.02.04"]
[Round "6.6"]
[White "Enzmann, Steffen"]
[Black "Kuhn, Daniel"]
[Result "1/2-1/2"]
[WhiteElo "2154"]
[BlackElo "1947"]
[PlyCount "61"]
[EventDate "2024.??.??"]

1. d4 d5 2. Nc3 c5 3. e4 dxe4 4. d5 Nf6 5. Bf4 a6 6. f3 exf3 7. Nxf3 g6 8. Qd2 Bg7 9. Bh6 O-O 10. O-O-O b5 11. Bxg7 Kxg7 12. h4 h5 13. Ne5 Qd6 14. Qe3 Nbd7 15. Nxd7 Bxd7 16. Be2 b4 17. Ne4 Qe5 18. Bd3 Bf5 19. Rhe1 Nxe4 20. Bxe4 Bxe4 21. Qxe4 Qxe4 22. Rxe4 Ra7 23. Rde1 Rd8 24. Re5 Rad7 25. c4 bxc3 26. bxc3 Rxd5 27. Rxe7 Rd2 28. Rf1 Rxg2 29. Rfxf7+ Kg8 30. Rg7+ Kf8 31. Rgf7+ 1/2-1/2

[Event "OLSW 2324 SF Heidesheim - SK Landau"]
[Site "?"]
[Date "2024.02.04"]
[Round "6.7"]
[White "Groeschel, Karoline"]
[Black "Lantzsch, Christian"]
[Result "1/2-1/2"]
[WhiteElo "1858"]
[BlackElo "2170"]
[PlyCount "65"]
[EventDate "2024.??.??"]

1. e4 c5 2. Nf3 e6 3. d4 cxd4 4. Nxd4 Bc5 5. Be3 Qb6 6. Na3 d5 7. exd5 exd5 8. Bb5+ Kf8 9. Nc4 Qc7 10. Nb3 Be7 11. Qxd5 Be6 12. Qe5 Qxe5 13. Nxe5 f6 14. Nf3 a6 15. Be2 Nc6 16. Nc5 Bxc5 17. Bxc5+ Kf7 18. a4 Nge7 19. a5 Rhd8 20. c4 Ng6 21. g3 Nge5 22. Nxe5+ Nxe5 23. b3 Nd3+ 24. Bxd3 Rxd3 25. Rb1 Bg4 26. O-O Bf3 27. Rfe1 Re8 28. Rxe8 Kxe8 29. Be3 Kd7 30. h3 Be4 31. Bc5 Rxg3+ 32. fxg3 Bxb1 33. Bf8 1/2-1/2

[Event "OLSW 2324 SF Heidesheim - SK Landau"]
[Site "?"]
[Date "2024.02.04"]
[Round "6.8"]
[White "Hettergott, Thomas"]
[Black "Schatz, Dieter"]
[Result "1-0"]
[WhiteElo "2043"]
[BlackElo "2043"]
[PlyCount "79"]
[EventDate "2024.??.??"]

1. e4 e6 2. d4 d5 3. Nd2 a6 4. c3 c5 5. Ngf3 Nf6 6. Bd3 Nc6 7. O-O Be7 8. dxc5 Bxc5 9. exd5 Nxd5 10. Ne4 Be7 11. Re1 h6 12. a3 Qc7 13. c4 Nf6 14. Qe2 b6 15. Bd2 Nxe4 16. Bxe4 Bf6 17. Bf4 Qb7 18. Ne5 Bd7 19. Nxd7 Qxd7 20. Rad1 Nd4 21. Rxd4 Qxd4 22. Rd1 Rd8 23. Rxd4 Rxd4 24. g3 O-O 25. Bc7 Rc8 26. Bxb6 Rdxc4 27. Bb7 Rc1+ 28. Kg2 R8c2 29. Qxa6 Rxb2 30. Be4 g6 31. Be3 Re1 32. Kf3 Kg7 33. Qa8 Rb3 34. Qa4 Rc3 35. Qb4 Ra1 36. a4 Raa3 37. Kg2 g5 38. Bd4 Rcb3 39. Bxf6+ Kxf6 40. Qf8 1-0

[Event "OLSW 2324 SK Frankenthal - SG Kaisersla"]
[Site "---"]
[Date "2024.02.04"]
[Round "6.1"]
[White "Müller, Elias"]
[Black "Syrov, Arkadi"]
[Result "1-0"]
[WhiteElo "2123"]
[BlackElo "2212"]
[PlyCount "83"]
[EventDate "2024.??.??"]

1. e4 e5 2. Nf3 Nc6 3. Bc4 Nf6 4. d3 Bc5 5. c3 a5 6. O-O d6 7. Re1 O-O 8. h3 h6 9. Bb3 Bd7 10. Bc2 Re8 11. d4 Ba7 12. Be3 exd4 13. Bxd4 Nxd4 14. cxd4 d5 15. e5 Ne4 16. Nc3 Ng5 17. Nxg5 Qxg5 18. Qd3 c6 19. Rad1 g6 20. Re3 h5 21. Rg3 Qh6 22. h4 Qf4 23. Rg5 Qxh4 24. Qe3 Bg4 25. g3 Qh3 26. Bxg6 Kf8 27. Qf4 Re7 28. Bh7 Ke8 29. Rg8+ Kd7 30. Rxa8 f5 31. Rxa7 Kc7 32. Na4 Kb8 33. Rxa5 b6 34. Nxb6 Bxd1 35. Bxf5 Bg4 36. Bxg4 hxg4 37. Qf8+ Kb7 38. Qxe7+ Kxb6 39. Qc5+ Kb7 40. Ra7+ Kb8 41. Qb6+ Kc8 42. Qc7# 1-0

[Event "OLSW 2324 SK Frankenthal - SG Kaisersla"]
[Site "---"]
[Date "2024.02.04"]
[Round "6.2"]
[White "Tresch, Lukas"]
[Black "Huschens, Matthias"]
[Result "1/2-1/2"]
[WhiteElo "2041"]
[BlackElo "2082"]
[PlyCount "120"]
[EventDate "2024.??.??"]

1. e4 e6 2. d4 d5 3. Nd2 Be7 4. c3 c5 5. dxc5 Nf6 6. Bd3 dxe4 7. Nxe4 Nxe4 8. Bxe4 Qxd1+ 9. Kxd1 Bxc5 10. Ke2 Nd7 11. Be3 Bxe3 12. Kxe3 Ke7 13. Ne2 Nf6 14. Bf3 e5 15. Rad1 Ng4+ 16. Bxg4 Bxg4 17. Rd5 f6 18. Rhd1 Be6 19. R5d2 Rad8 20. a3 g5 21. Rxd8 Rxd8 22. Rxd8 Kxd8 23. g3 Bd5 24. f4 Ke7 25. fxg5 fxg5 26. Nc1 b6 27. Nd3 Ke6 28. Nf2 h6 29. Kd3 Kf5 30. c4 Bg2 31. b4 Bf1+ 32. Kc3 h5 33. c5 Bb5 34. Kd2 h4 35. Ke3 hxg3 36. hxg3 bxc5 37. bxc5 Ke6 38. Ne4 g4 39. Nf2 Kf5 40. Nd1 Bc6 41. Nf2 Bf3 42. Nd3 Ke6 43. Nb2 Kd5 44. Nd3 e4 45. Nf2 Kxc5 46. Nxe4+ Kb5 47. Nf6 Ka4 48. Kf4 Kxa3 49. Nxg4 Bd5 50. Ne3 Bg8 51. Ke4 Kb3 52. Nd5 Kc4 53. Ne3+ Kc3 54. Nd1+ Kc2 55. Kd4 Kb3 56. Nc3 a5 57. g4 Bh7 58. g5 Bg6 59. Kc5 Be8 60. g6 Bxg6 1/2-1/2

[Event "OLSW 2324 SK Frankenthal - SG Kaisersla"]
[Site "---"]
[Date "2024.02.04"]
[Round "6.3"]
[White "Bruch, Ingo"]
[Black "Hueseynov, Ahad"]
[Result "0-1"]
[WhiteElo "2257"]
[BlackElo "2108"]
[PlyCount "54"]
[EventDate "2024.??.??"]

1. d4 Nf6 2. Nf3 e6 3. e3 b6 4. Bd3 Bb7 5. Nbd2 d5 6. O-O Be7 7. b3 Nbd7 8. Bb2 O-O 9. Qe2 Ne4 10. c4 c5 11. Rac1 Ndf6 12. Rfd1 cxd4 13. Nxd4 Nxd2 14. Rxd2 Bb4 15. Rdd1 Rc8 16. Nc2 Bd6 17. cxd5 exd5 18. Nd4 Re8 19. Rxc8 Qxc8 20. Nf5 Be5 21. Bxe5 Rxe5 22. f4 Rxf5 23. g4 Rxf4 24. exf4 Nxg4 25. b4 g6 26. Qb2 Ne3 27. Be2 Qh3 0-1

[Event "OLSW 2324 SK Frankenthal - SG Kaisersla"]
[Site "---"]
[Date "2024.02.04"]
[Round "6.4"]
[White "Syska, Albert"]
[Black "Weller, Manuel"]
[Result "1/2-1/2"]
[WhiteElo "2141"]
[BlackElo "2255"]
[PlyCount "86"]
[EventDate "2024.??.??"]

1. e4 c5 2. Nf3 d6 3. d4 cxd4 4. Nxd4 Nf6 5. Nc3 a6 6. Be2 e5 7. Nb3 Be7 8. O-O O-O 9. Re1 Be6 10. Bf3 Nbd7 11. a4 b6 12. Nd2 Qc7 13. Nf1 Rab8 14. Ne3 b5 15. axb5 axb5 16. Ncd5 Bxd5 17. exd5 g6 18. Bd2 Rfc8 19. Bb4 Nc5 20. b3 Ra8 21. Be2 Qb6 22. Bf1 Rxa1 23. Qxa1 Qb7 24. g3 Ra8 25. Qd1 Nfe4 26. f3 Nf6 27. Bg2 Nfd7 28. f4 Qb6 29. Kh1 Bf8 30. f5 Bg7 31. Qg4 e4 32. Bxc5 Nxc5 33. b4 Na4 34. Qf4 Bc3 35. fxg6 hxg6 36. Rf1 Ra7 37. Qxe4 Be5 38. Qf3 Qd4 39. Ng4 Bg7 40. Qe2 Ra8 41. Rf4 Qa1+ 42. Rf1 Qd4 43. Rf4 Qa1+ 1/2-1/2

[Event "OLSW 2324 SK Frankenthal - SG Kaisersla"]
[Site "---"]
[Date "2024.02.04"]
[Round "6.5"]
[White "Yakovenko, Oleg"]
[Black "Geyer, Bernhard"]
[Result "1-0"]
[WhiteElo "2255"]
[BlackElo "2126"]
[PlyCount "151"]
[EventDate "2024.??.??"]

1. Nf3 Nf6 2. c4 e6 3. d4 d5 4. Nc3 Be7 5. Bf4 c6 6. e3 Nbd7 7. Qc2 O-O 8. h3 dxc4 9. Bxc4 b5 10. Bd3 Bb7 11. Ne5 Rc8 12. Nxd7 Qxd7 13. Be5 g6 14. Bxf6 Bxf6 15. Ne4 Bg7 16. Nc5 Qe7 17. f4 Ba8 18. b4 Qd8 19. O-O a5 20. bxa5 Qxa5 21. a4 b4 22. Rfb1 Rfd8 23. Qc4 Bf8 24. Be4 Bxc5 25. dxc5 Rb8 26. Rb3 Rd2 27. Kh2 Kg7 28. Rab1 Qxa4 29. Rxb4 Rxb4 30. Rxb4 Qa3 31. Qb3 Qc1 32. Qc4 Qe1 33. Rb3 h5 34. Rd3 Rxd3 35. Qxd3 Qb4 36. Qd4+ Qxd4 37. exd4 h4 38. g3 hxg3+ 39. Kxg3 f5 40. Bf3 Bb7 41. Kf2 Kf6 42. Ke3 Ke7 43. Kd2 Kd7 44. Be2 Bc8 45. Kc3 Kc7 46. h4 Bd7 47. Ba6 Be8 48. Kd3 Kd8 49. Ke3 Bd7 50. Kf3 Ke7 51. Kg3 Kf6 52. Bb7 Ke7 53. Ba6 Kf6 54. Be2 Be8 55. Bf3 Kg7 56. Bd1 Kf6 57. Be2 Bd7 58. Kf2 Be8 59. Ke3 Ke7 60. Kd3 Kd7 61. Kc3 Kc7 62. Kb4 Bd7 63. h5 gxh5 64. Bxh5 Kb7 65. Ka5 Bc8 66. Be2 Kc7 67. Bc4 Bd7 68. Ka6 Bc8+ 69. Ka7 Bd7 70. Bb3 Bc8 71. Bd1 Bd7 72. Bh5 Bc8 73. Be8 e5 74. dxe5 Be6 75. Bg6 Bc8 76. Bf7 1-0

[Event "OLSW 2324 SK Frankenthal - SG Kaisersla"]
[Site "---"]
[Date "2024.02.04"]
[Round "6.6"]
[White "Halabi, Ibrahim"]
[Black "Albert, Marco"]
[Result "0-1"]
[WhiteElo "2004"]
[BlackElo "2123"]
[PlyCount "58"]
[EventDate "2024.??.??"]

1. e4 c5 2. Nf3 d6 3. d4 cxd4 4. Nxd4 Nf6 5. Nc3 a6 6. Be2 e5 7. Nb3 Be7 8. O-O O-O 9. Be3 Be6 10. f4 exf4 11. Rxf4 Nbd7 12. Nd5 Bxd5 13. exd5 Ne5 14. Rb4 Qc7 15. c4 Nfd7 16. a4 Rfe8 17. a5 Bf6 18. Qd2 Ng6 19. Bf1 Bg5 20. Qc3 Nf6 21. Bb6 Qe7 22. Nd2 Rac8 23. Qd4 Nd7 24. Nf3 Bf6 25. Qf2 Nxb6 26. Qxb6 Ne5 27. Nxe5 Bxe5 28. Qxb7 Bd4+ 29. Kh1 Qe3 0-1